Teskt piosenki ,,Szybkie Tempo" - Statystyki

Ogólne statystyki
  • Ten quiz został rozwiązany 15 razy
    8 od ostatniego zresetowania
  • Średni wynik to 36 z 40
Statystyki odpowiedzi
Tekst % Poprawnych
Gdy {wieczorową} porą
100%
I nie {istnieje} nic kiedy mój łapiesz wzrok
100%
Jesteś {pierwszoplanową} rolą
100%
Łączy nas {niejedno} (tempo)
100%
Na {krawędzi} staramy się utrzymać pion
100%
Na {krawędzi} staramy się utrzymać pion
100%
Nie {istnieje} nic kiedy mój łapiesz wzrok
100%
{Robisz} co tylko zechcesz
100%
Trzymamy {szybkie}
100%
Bo blady jest przed tobie nawet wybuch {supernowej}
88%
Było blisko, {mimo} {wszystko}
88%
Było blisko, {mimo} {wszystko}
88%
Było blisko, prawie cię {wypuściłem} z {rąk}
88%
Było blisko, prawie cię {wypuściłem} z {rąk}
88%
I w sumie wszystko {jedno} jak kiedy i gdzie
88%
I w sumie wszystko {jedno} jak kiedy i gdzie
88%
I w sumie wszystko {jedno} jak kiedy i gdzie
88%
I w sumie wszystko {jedno} jak kiedy i gdzie
88%
I w sumie wszystko {jedno} jak kiedy i gdzie
88%
Łączy nas niejedno, niejeden {deszcz}
88%
Łączy nas niejedno, niejeden {deszcz}
88%
Łączy nas niejedno, niejeden {deszcz}
88%
Łączy nas niejedno, niejeden {deszcz}
88%
Łączy nas niejedno, niejeden {deszcz}
88%
Nie {mamy} {nic} na pewno, na pewno
88%
Nie {mamy} {nic} na pewno, na pewno
88%
Nie {mamy} {nic} na pewno, na pewno
88%
Nie {mamy} {nic} na pewno, na pewno to wiem
88%
Nie {mamy} {nic} na pewno, na pewno to wiem
88%
Nie {mamy} {nic} na pewno, na pewno to wiem
88%
Nie mogę {zasnąć}
88%
Trzymamy {szybkie} {tempo}, tempo
88%
Trzymamy {szybkie} {tempo}, ty trzymaj się mnie
88%
Trzymamy {szybkie} {tempo}, ty trzymaj się mnie
88%
Trzymamy {szybkie} {tempo}, ty trzymaj się mnie
88%
Trzymamy {szybkie} {tempo}, ty trzymaj się mnie
88%
Trzymamy {szybkie} {tempo}, ty trzymaj się mnie
88%
Zrobiło się w moment i chyba jest {po} {mnie}
88%
{Jasno}
75%
Odpływam wtedy {głową} i na nowo
75%
Nie znaleziono quizów pasujących do podanych kryteriów
Rozkład punktacji
Procent ludzi z każdym wynikiem
Percentyl według liczby udzielonych odpowiedzi
Twoja historia wyników
Nie rozwiązałeś tego quizu od ostatniego zresetowania